Six pays les plus proches - Singapour - Statistiques

Statistiques générales
  • Ce quiz a été pris 150 fois
  • Le résultat moyen est 3 sur 6
Statistiques - réponses
km pays % Correct
6 Indonésie
92%
1 Malaisie
87%
524 Thaïlande
58%
998 Cambodge
40%
797 Viêt Nam
38%
1109 Birmanie
21%
Aucun quiz correspondant
Distribution des résultats
% des personnes avec chaque résultat
Percentile par nombre de réponses
Votre historique - résultats
Vous n’avez pas pris ce quiz